000 00562nam a2200193Ia 4500
999 _c1795
_d1795
003 OSt
005 20200924111103.0
008 190216s9999||||xx |||||||||||||| ||und||
020 _a9788131715567
040 _coclc
082 _a571.6
_bBEC/W
100 _aBecker, Wayne M
_94921
245 0 _aThe World Of The Cell /
_cWayne M Becker ; L J Kleinsmith ; Jeff Hardin
250 _a6th Ed.
260 _bPearson Education Asia,
_c2007.
_aNew Delhi:
300 _a886p
650 _aBotany
942 _cBK
_2ddc
_h571.6
_iBEC/W
_k571.6
_mBEC/W